Historia - wiedza ogólna #5 - Statystyki

Ogólne statystyki
  • Ten quiz został rozwiązany 284 razy
    73 od ostatniego zresetowania
  • Średni wynik to 10 z 20
Statystyki odpowiedzi
Pytanie Odpowiedź % Poprawnych
Jak nazywa się kraj, którego wojna domowa została przedstawiona na obrazie pt. "Guernica" autorstwa Pabla Picassa? Hiszpania
82%
Jaki przydomek nosił Ludwik XIV? Król {Słońce}
82%
Jak nazywa się kraj, do którego w latach 1787-1867 przewieziono 165 tys. brytyjskich skazańców? Australia
76%
Która rosyjska cesarzowa notorycznie miała romanse z wieloma różnymi mężczyznami? Katarzyna Wielka
73%
Kto był najbliższym współpracownikiem Fryderyka Engelsa? Karol Marks
71%
Który festiwal muzyczny z 1969 roku, odbywający się w północnej części stanu Nowy Jork, bywa uznawany za zenit ruchu hipisowskiego? Woodstock
71%
Który słynny pociąg kursował niegdyś między Paryżem, a Stambułem? Orient Express
63%
Który kraj był dawniej znany jako Syjam? Tajlandia
61%
Który zakon założył Ignacy Loyola w celu zreformowania Kościoła katolickiego? Jezuitów
55%
Jakie tajne stowarzyszenie ma swoje początki wśród średniowiecznych kamieniarzy? Wolnomularstwo
55%
Jak nazywało się spontaniczne zawieszenie broni podczas I wojny światowej, które miało miejsce pod koniec 1914 roku? Rozejm {Bożonarodzeniowy}
53%
Jaką dyscyplinę sportową mógłby oglądać starożytny Rzymianin na hipodromie lub w cyrku? Wyścigi Rydwanów
48%
Kto był naczelnym dowódcą sił alianckich podczas lądowania w Normandii w 1944 r? Dwight Eisenhower
45%
Kto zafundował kolumnę Zygmunta III Wazy? Władysław IV Waza
44%
Jak nazywa się jedyny syn Bolesława Krzywoustego który nie został wzięty pod uwagę podczas podziału kraju na dzielnice? Kazimierz Sprawiedliwy
32%
Jaka dawna jednostka monetarna Wielkiej Brytanii jest równa 1/20 funta? Szyling
32%
Jaki jest najpopularniejszy sport, który wymyślono w Szkocji? Golf
31%
Kto znacjonalizował kanał Sueski? Gamal Abdel Naser
16%
Która niezwykle bogata żydowska rodzina wywodzi się z Frankfurtu nad Menem, a jej protoplastą był Isaac ...? Rothschildowie
13%
Jak nazywa się średnowiecznie dzieło historyczne, na podstawie którego Henryk Sienkiewicz napisał powieść "Krzyżacy"? {Roczniki}
3%
Nie znaleziono quizów pasujących do podanych kryteriów
Rozkład punktacji
Procent ludzi z każdym wynikiem
Percentyl według liczby udzielonych odpowiedzi
Twoja historia wyników
Nie rozwiązałeś tego quizu od ostatniego zresetowania